[Event "Bundesliga 8990"]
[Site "Germany"]
[Date "1990.??.??"]
[Round "?"]
[White "Lieb, Harald"]
[Black "Doncevic, Dario"]
[Result "0-1"]
[WhiteElo "2265"]
[BlackElo "2335"]

1.d4 Nf6 2.c4 g6 3.Nc3 d5 4.cxd5 Nxd5 5.e4 Nxc3 6.bxc3 Bg7 7.Nf3 c5 8.Rb1 O-O
9.Be2 b6 10.O-O Bb7 11.Qd3 Ba6 12.Qe3 cxd4 13.cxd4 Qd7 14.Rd1 Qa4 15.Rb3 Qxa2
16.Rd2 Qa4 17.Ra3 Qc6 18.Bb2 Bxe2 19.Qxe2 Rc8 20.Rc3 Qb7 21.Rxc8+ Qxc8 22.e5 Qf5
23.h3 Nd7 24.g4 Qb1+ 25.Kg2 Nf8 26.d5 Rd8 27.Qc4 Bh6 28.Rc2 Rxd5 29.Ba3 Rd7
30.g5 Bg7 31.Rc1 Qf5 32.Bb2 Ne6 33.Qg4 Qxg4+ 34.hxg4 Rc7 35.Rb1 h6 36.gxh6 Bxh6
37.Ba3 Bf4 38.Rb4 Kf8 39.Bb2 Rc2 40.Nd4 Nxd4 41.Bxd4 g5 42.Kf3 Ke8 43.Ra4 Rc7
44.Ke4 e6 45.Be3 Bxe3 46.Kxe3 a5 47.Kd3 Rc5 48.Ke4 Kd7 49.f4 gxf4 50.Kxf4 Kc6
51.Rd4 Rd5 52.Rc4+ Kd7 53.Ra4 Rb5 54.Ra1 Ke7 55.Rc1 Rc5 56.Ra1 Rc4+ 57.Kf3 Kf8
58.Rd1 Kg7 59.Rd8 a4 60.Rb8 Rb4 61.Ra8 b5 62.Ra7 Rb3+ 63.Kf4 a3  0-1

[Event "BL2-S8990"]
[Site "Germany"]
[Date "1990.??.??"]
[Round "?"]
[White "Effert, Kai"]
[Black "Huenerkopf, Heinz"]
[Result "1-0"]
[WhiteElo "2320"]
[BlackElo "2295"]

1.d4 Nf6 2.c4 g6 3.Nc3 d5 4.cxd5 Nxd5 5.e4 Nxc3 6.bxc3 Bg7 7.Be3 O-O 8.Qd2 c5
9.Rc1 e6 10.Nf3 cxd4 11.cxd4 b6 12.Bc4 Ba6 13.Bxa6 Nxa6 14.O-O Qd7 15.Rfd1 Rac8
16.Rxc8 Rxc8 17.Rc1 Rxc1+ 18.Qxc1 Qc7 19.Qd2 Qc4 20.h3 Nb4 21.Ne5 Bxe5 22.dxe5 Nd3
23.f3 h5 24.Bg5 Kh7 25.Kh2 Qd4 26.Bf6 b5 27.Qa5 Nxe5 28.Kg3 h4+ 29.Bxh4 Nd3
30.Kh2 b4 31.Bg3 Kg7 32.Qc7 a6 33.Qa5 Nc1 34.Be5+  1-0

[Event "Bundesliga 8990"]
[Site "Germany"]
[Date "1990.??.??"]
[Round "?"]
[White "Fahnenschmidt, Gerhard"]
[Black "Muse, Mladen"]
[Result "0-1"]
[WhiteElo "2405"]
[BlackElo "2425"]

1.d4 Nf6 2.c4 g6 3.Nc3 d5 4.cxd5 Nxd5 5.e4 Nxc3 6.bxc3 Bg7 7.Bc4 O-O 8.Ne2 Qd7
9.O-O b6 10.Be3 Ba6 11.Bxa6 Nxa6 12.Qd2 Rfd8 13.Rad1 Qa4 14.f4 c5 15.f5 cxd4
16.cxd4 Rac8 17.Nc3 Qe8 18.Nd5 Nc7 19.Nxc7 Rxc7 20.Qf2 Rdc8 21.e5 Rc2 22.Rd2 Rxd2
23.Qxd2 Qd7 24.e6 fxe6 25.fxg6 hxg6 26.Qd3 Rf8 27.Qxg6 Qd5 28.h4 Qxa2 29.h5 Qb3
30.Rxf8+ Kxf8 31.Bh6 Qd1+ 32.Kh2 Qxd4 33.Bxg7+ Qxg7 34.Qxe6 Qg5 35.g4 Qf6
36.Qe3 Qh4+  0-1

[Event "Bundesliga 8990"]
[Site "Germany"]
[Date "1990.??.??"]
[Round "?"]
[White "Fahnenschmidt, Gerhard"]
[Black "Lutz, Christopher"]
[Result "1/2-1/2"]
[WhiteElo "2405"]
[BlackElo "2410"]

1.d4 Nf6 2.c4 g6 3.Nc3 d5 4.cxd5 Nxd5 5.e4 Nxc3 6.bxc3 Bg7 7.Bc4 c5 8.Ne2 O-O
9.O-O Nc6 10.Be3 Qc7 11.Rc1 Rd8 12.Bf4 Qd7 13.d5 Na5 14.Bd3 e5 15.Bg5 Re8
16.c4 b6 17.Qd2 Nb7 18.Bh6 f6 19.Bxg7 Qxg7 20.f4 Bd7 21.fxe5 fxe5 22.Rf2 Rf8
23.Rcf1 Rxf2 24.Rxf2 Rf8 25.Qg5 Rxf2 26.Kxf2 h6 27.Qc1 Nd6 28.Ng1 Qf6+ 29.Nf3 g5
30.Kg1 Bg4 31.Nd2 Qf4 32.Qe1 Kg7 33.Qf2 Kf6 34.g3 Qxf2+ 35.Kxf2 a6 36.Be2 Bd7
37.Ke3 Ba4 38.Nb1 Be8 39.Nd2 Bd7 40.Nb3 Ba4 41.Nd2 b5 42.Nb3 Bxb3 43.axb3 b4
44.Kd3 Nc8 45.Bg4 Nb6 46.Bh5 Ke7 47.Bg4 a5 48.Bd1 Kf6 49.Bg4 a4 50.bxa4 Nxa4
51.Kc2 Ke7 52.Bh5 Nb6 53.Kd3 Nc8 54.Bg4 Nd6 55.Bd1 Nb7 56.Bg4 Na5 57.Bd1 Kd8
58.Ba4 g4 59.Bd1 h5 60.Ba4 Nb7 61.Bd1 Nd6 62.Bb3 Nf7 63.Ke3 Ng5 64.Bd1 Ke7
65.Kd3 Kd8 66.Ke3 Kc7 67.Kd3 Nf7 68.Bb3 Nd6 69.Ba4 Kb6 70.Bb3 Ka5 71.Ke3 Nf7
72.Kd3 Ng5 73.Bd1 Nf7 74.Bb3 Nd6 75.Ke3 Ka6 76.Kd3 Kb6 77.Ba4 Ka5 78.Bb3 Nf7
79.Ke3 Ng5 80.Bd1 Nf7 81.Bb3  1/2-1/2

[Event "BL2-W8990"]
[Site "Germany"]
[Date "1990.??.??"]
[Round "?"]
[White "Hermesmann, Hans"]
[Black "Weber, Peter"]
[Result "0-1"]
[WhiteElo "2245"]
[BlackElo "2215"]

1.d4 Nf6 2.c4 g6 3.Nc3 d5 4.cxd5 Nxd5 5.e4 Nxc3 6.bxc3 Bg7 7.Bc4 c5 8.Ne2 Nc6
9.Be3 O-O 10.O-O Qc7 11.Rc1 Rd8 12.Qa4 b6 13.Qa3 Bb7 14.f4 Na5 15.Bd3 e6
16.g4 f5 17.Ng3 cxd4 18.cxd4 Qd7 19.gxf5 Bxd4 20.Bb1 exf5 21.exf5 Re8 22.Bxd4 Qxd4+
23.Rf2 Re3 24.Qb2 Qd5 25.Kf1 Nc4 26.Qc2 Rae8 27.Qd1 Qc5 28.fxg6 Rxg3 29.hxg3 Ne3+
30.Kg1 Nxd1 31.Rxc5 bxc5 32.Rd2 Re1+  0-1

[Event "BL2-S8990"]
[Site "Germany"]
[Date "1990.??.??"]
[Round "?"]
[White "Kindl, Peter"]
[Black "Egger, Thomas"]
[Result "1/2-1/2"]
[WhiteElo "2345"]
[BlackElo "2255"]

1.d4 Nf6 2.c4 g6 3.Nc3 d5 4.cxd5 Nxd5 5.e4 Nxc3 6.bxc3 Bg7 7.Nf3 c5 8.Be3 Nc6
9.Rc1 cxd4 10.cxd4 Bg4 11.d5 Ne5 12.Bb5+ Nd7 13.O-O O-O 14.Be2 Qa5 15.Nd4 Bxe2
16.Qxe2 Rac8 17.Nb3 Qa4 18.Bg5 Bf6 19.Bxf6 exf6 20.Rc2 Rxc2 21.Qxc2 Nb6 22.f3 Rc8
23.Qf2 Qb4 24.Rd1 Qa3 25.h4 Qd6 26.h5 a6 27.h6 Nd7 28.Qe3 Ne5 29.Rc1 Rxc1+
30.Nxc1 Qc7 31.Ne2 Kf8 32.Qa3+ Ke8 33.Qa4+ Ke7 34.Qb4+ Ke8 35.Qa4+ Qd7 36.Qc2 Kd8
37.Kf2 Qd6 38.Qc3 Nd7 39.Qa5+ Kc8 40.Nd4 Nc5 41.Qc3 Kb8 42.Nb3 Nxb3 43.axb3 Qb6+
44.Qe3 Qd6 45.g3 Kc8 46.Qd4 g5 47.Kg2 Kd7 48.b4 Ke7 49.Kf2 b6 50.Kg2 Qc7
51.Qd3 a5 52.bxa5 bxa5 53.Qa6 Qc2+ 54.Kh3 Qc7 55.d6+ Qxd6 56.Qxa5 Qd7+ 57.Kg2 Qd4
58.Qf5 Qd2+ 59.Kh3 g4+ 60.Kxg4 Qxh6 61.Qc5+ Ke8  1/2-1/2

[Event "SWE-ch"]
[Site "Gothenburg"]
[Date "1990.??.??"]
[Round "?"]
[White "Astrom, Robert"]
[Black "Ernst, Thomas"]
[Result "1/2-1/2"]
[WhiteElo "2315"]
[BlackElo "2440"]

1.d4 Nf6 2.c4 g6 3.Nc3 d5 4.cxd5 Nxd5 5.e4 Nxc3 6.bxc3 Bg7 7.Bc4 c5 8.Ne2 Nc6
9.Be3 O-O 10.O-O Bg4 11.f3 Na5 12.Bd3 cxd4 13.cxd4 Be6 14.Rc1 Bxa2 15.Qa4 Be6
16.d5 Bd7 17.Qb4 e6 18.Nc3 exd5 19.Nxd5 Be6 20.Rfd1 Bxd5 21.exd5 Re8 22.Bf2 Be5
23.Bb5 Bd6 24.Qa4 Rf8 25.Bh4 f6 26.Re1 b6 27.Re6 Bc5+ 28.Rxc5 bxc5 29.Ra6 Nb7
30.Bg3 Kh8 31.Bc6 Qe7 32.h3 Rad8 33.Rxa7 Qe3+ 34.Kh2 Nd6 35.Qh4 h5 36.Qa4 c4
37.Qa5 Nf5 38.Qc7 Qh6 39.Bf4 g5 40.Bd2 Rc8 41.Qb6 c3 42.Bc1 Qg6 43.Qb4 c2
44.Qe4 Nh4 45.Ra2  1/2-1/2

[Event "Groningen op"]
[Site "Groningen"]
[Date "1990.??.??"]
[Round "1"]
[White "Epishin, Vladimir"]
[Black "Peek, Marcel"]
[Result "1-0"]
[WhiteElo "2590"]
[BlackElo "2365"]

1.d4 Nf6 2.c4 g6 3.Nc3 d5 4.cxd5 Nxd5 5.e4 Nxc3 6.bxc3 Bg7 7.Be3 O-O 8.Qd2 b6
9.Nf3 Bb7 10.Bd3 Nd7 11.O-O e5 12.Rad1 Qe7 13.Rfe1 Rad8 14.Qc1 a6 15.a4 c6
16.h4 b5 17.h5 Rfe8 18.Bc2 c5 19.d5 Rb8 20.c4 b4 21.a5 Qd6 22.Ba4 Bc8 23.Nd2 Bf8
24.Nb3 Qc7 25.f3 Bd6 26.Qd2 Rf8 27.Qf2 f5 28.exf5 gxf5 29.Bxd7 Bxd7 30.Bxc5 Ba4
31.Bxd6 Qxd6 32.c5 Qc7 33.Rd3 Bxb3 34.Rxb3 Rb5 35.Rc1 Qf7 36.Qg3+ Qg7 37.Qxg7+ Kxg7
38.d6 Rd8 39.c6  1-0

[Event "Groningen op"]
[Site "Groningen"]
[Date "1990.??.??"]
[Round "2"]
[White "Volke, Karsten"]
[Black "Tukmakov, Vladimir B"]
[Result "1/2-1/2"]
[WhiteElo "2400"]
[BlackElo "2520"]

1.d4 Nf6 2.c4 g6 3.Nc3 d5 4.cxd5 Nxd5 5.e4 Nxc3 6.bxc3 Bg7 7.Bc4 O-O 8.Ne2 Nc6
9.O-O e5 10.Ba3 Re8 11.Bxf7+ Kxf7 12.Qb3+ Be6 13.d5 Na5 14.dxe6+ Rxe6 15.Qa4 c6
16.Rad1 Qc7 17.Rd3 Kg8 18.c4 Bf8 19.Rfd1 Rf6 20.f3 Bxa3 21.Rxa3 b6 22.Qb4 Rd8
23.Rad3 Rff8 24.Nc1 c5 25.Qb5 Nc6 26.Rxd8 Rxd8 27.Rxd8+ Nxd8 28.Qe8+ Kg7
29.Nd3 Nf7 30.Qe6 Qd8 31.Qd5 Qg5 32.Kf2 h5 33.h3 h4 34.Kg1 Qe3+ 35.Kh2 Qd4
36.a4 Kf6 37.Qc6+ Qd6 38.Qxd6+ Nxd6 39.Nb2 a6 40.g3 g5 41.Kg2 Ke6 42.Kf2 b5
43.axb5 axb5 44.cxb5 Nxb5 45.gxh4 gxh4 46.f4  1/2-1/2

[Event "Groningen op"]
[Site "Groningen"]
[Date "1990.??.??"]
[Round "8"]
[White "Stone, Raymond"]
[Black "Peelen, Piet"]
[Result "1-0"]
[WhiteElo "2330"]
[BlackElo "2380"]

1.d4 Nf6 2.c4 g6 3.Nc3 d5 4.cxd5 Nxd5 5.e4 Nxc3 6.bxc3 Bg7 7.Be3 c5 8.Rc1 O-O
9.Nf3 Bg4 10.Be2 Qa5 11.Qd2 Nd7 12.d5 b5 13.c4 b4 14.O-O Nb6 15.Ne5 Bxe5
16.Bxg4 Bc3 17.Qe2 Bg7 18.Qc2 Bc3 19.Be2 Na4 20.f4 Bd4 21.Bxd4 cxd4 22.Ra1 Qb6
23.Kh1 Nc5 24.Bf3 a5 25.Qf2 e5 26.fxe5 Nd3 27.Qg3 Rae8 28.e6 fxe6 29.e5 Qc7
30.d6 Qc5 31.d7 Rd8 32.Bg4 Rxf1+ 33.Rxf1 Nxe5 34.Bxe6+ Kg7 35.Qg5 Qc7 36.Qf6+ Kh6
37.Rf4  1-0

[Event "HUN-chop"]
[Site "Gyor"]
[Date "1990.??.??"]
[Round "6"]
[White "Nikolaev, Sergej"]
[Black "Berebora, Ferenc"]
[Result "1/2-1/2"]
[WhiteElo "2400"]
[BlackElo "2305"]

1.d4 Nf6 2.c4 g6 3.Nc3 d5 4.cxd5 Nxd5 5.e4 Nxc3 6.bxc3 Bg7 7.Bb5+ Bd7 8.Be2 c5
9.Nf3 cxd4 10.cxd4 Bc6 11.Qd3 f5 12.exf5 Qa5+ 13.Bd2 Qxf5 14.Qxf5 gxf5 15.O-O Bd5
16.Ne5 O-O 17.Rfd1 Nc6 18.Nxc6 bxc6 19.Bf4 c5 20.Be5 cxd4 21.Bxg7 Kxg7 22.Rxd4 e6
23.Bc4 Bxc4 24.Rxc4 Rac8 25.Rac1 Rxc4 26.Rxc4 Rf7 27.g3 Kf6 28.Rc5 Rb7 29.Kg2 h6
30.Ra5 h5 31.Kf3 Rc7 32.Ke3 Rc3+ 33.Kd2 Rc7 34.Kd3 Rd7+ 35.Ke3 Kg5 36.Ra6 Kf6
37.f4 h4 38.gxh4 Rh7 39.a4 Rxh4 40.Rxa7 Rxh2 41.a5 Rh3+ 42.Kf2 Ra3 43.Ra8 Ke7
44.a6 Kd6 45.a7 Kc7 46.Ke2 Kb7 47.Re8 Rxa7 48.Rxe6 Ra5 49.Kf2 Kc7 50.Kg3 Kd7
51.Re3 Ra8 52.Re5 Rg8+  1/2-1/2

[Event "Mephisto (Women)"]
[Site "Hamburg"]
[Date "1990.??.??"]
[Round "1"]
[White "Wohlers Armas, Rike"]
[Black "Heinatz, Gundula"]
[Result "0-1"]
[WhiteElo "2110"]
[BlackElo "2170"]

1.d4 Nf6 2.c4 g6 3.Nc3 d5 4.cxd5 Nxd5 5.e4 Nxc3 6.bxc3 Bg7 7.Bc4 O-O 8.Be3 c5
9.Ne2 Nc6 10.O-O Bg4 11.f3 Na5 12.Bd3 cxd4 13.cxd4 Bd7 14.Rb1 Rc8 15.Kh1 a6
16.a4 Nc4 17.Bxc4 Rxc4 18.Rxb7 Bxa4 19.Qa1 e6 20.Rc1 Qc8 21.Rb4 Rxb4 22.Rxc8 Rxc8
23.e5 Rb3 24.Bg1 Bb5 25.Ng3 Bh6 26.Ne4 Rc1 27.Qa2 Rbb1  0-1

[Event "Hamburg IMT"]
[Site "Hamburg"]
[Date "1990.??.??"]
[Round "7"]
[White "Zsinka, Laszlo"]
[Black "Luecke, Norbert"]
[Result "0-1"]
[WhiteElo "2370"]
[BlackElo "2350"]

1.d4 Nf6 2.c4 g6 3.Nc3 d5 4.cxd5 Nxd5 5.e4 Nxc3 6.bxc3 Bg7 7.Be3 c5 8.Qd2 Qa5
9.Rb1 a6 10.Rc1 cxd4 11.cxd4 Qxd2+ 12.Kxd2 O-O 13.Nf3 e6 14.Rc7 Nc6 15.Bd3 Rd8
16.Rc1 Rd7 17.Rxd7 Bxd7 18.d5 exd5 19.exd5 Nb4 20.Rc7 Rd8 21.Rxb7 Nxd5 22.Bg5 f6
23.Be3 Bc6 24.Rb3 Nxe3 25.fxe3 Bd5 26.Ra3 Bf8 27.Ra4 a5 28.Ke2 Bb4 29.Nd4 Bxg2
30.a3 Bc3 31.Bc4+ Kh8 32.Bb5 Rb8 33.Kf2 Bd5 34.Ne2 Bd2 35.Ba6 Re8 36.e4 Rxe4
37.Rxe4 Bxe4 38.a4 Bb4 39.Bb5 Kg7 40.Ng3  0-1

[Event "Hessen-ch"]
[Site "Hessen"]
[Date "1990.??.??"]
[Round "2"]
[White "Zude, Arno"]
[Black "Schmitzer, Klaus"]
[Result "1-0"]
[WhiteElo "2325"]
[BlackElo "2305"]

1.d4 Nf6 2.c4 g6 3.Nc3 d5 4.cxd5 Nxd5 5.e4 Nxc3 6.bxc3 Bg7 7.Nf3 c5 8.Rb1 O-O
9.Qd2 cxd4 10.cxd4 b6 11.Bb2 Nd7 12.Bd3 Bb7 13.Qe2 e6 14.O-O Qe7 15.Bc3 Rfc8
16.Bb4 Qf6 17.Bb5 Nf8 18.a4 Qf4 19.Bd3 h6 20.a5 f5 21.Rfe1 fxe4 22.Bxe4 Bxe4
23.Qxe4 Qxe4 24.Rxe4 Rc6 25.Ree1 Nd7 26.axb6 axb6 27.Ne5 Nxe5 28.dxe5 Ra2
29.Re4 Ra4 30.g4 Bf8 31.Kg2 Rc2 32.Rd4 Raa2 33.Rf4 Bg7 34.Bd6 g5 35.Rf3 Rc6
36.Rbb3 Ra5 37.Ra3 Rc4 38.h3 Kh7 39.Rab3 Rc6 40.Rf7 Kg8 41.Rbf3 Bxe5 42.Rf8+ Kh7
43.Bxe5 Rxe5 44.R3f7+ Kg6 45.Rf6+ Kg7 46.R8f7+ Kg8 47.Rb7 b5 48.Rg6+ Kf8
49.Rxh6 Kg8 50.Rg6+ Kf8 51.Rf6+ Kg8 52.Rf3 Ra6 53.Rb3 Ra5 54.Kg3 Rd5 55.h4 gxh4+
56.Kxh4 Rc5 57.Rd3 Ra8 58.Rdd7 Re8 59.f4 Kh8 60.g5 Rc1 61.Kh5 Rh1+ 62.Kg6 Rf8
63.Rf7 Re8 64.Rbe7 Rb8 65.Rxe6 b4 66.Rb7 Rg8+ 67.Kf5 Rh4 68.Rxb4 Rg7 69.Rb8+ Rg8
70.Rxg8+ Kxg8 71.Rh6  1-0

[Event "URS-Army"]
[Site "Khabarovsk"]
[Date "1990.??.??"]
[Round "?"]
[White "Nenashev, Alexander"]
[Black "Semeniuk, Alexander A"]
[Result "1-0"]
[WhiteElo "2415"]
[BlackElo "2340"]

1.d4 Nf6 2.c4 g6 3.Nc3 d5 4.cxd5 Nxd5 5.e4 Nxc3 6.bxc3 Bg7 7.Bc4 c5 8.Ne2 Nc6
9.Be3 O-O 10.O-O Na5 11.Bd3 b6 12.Rc1 cxd4 13.cxd4 e6 14.Qa4 Bb7 15.Bd2 f5
16.exf5 gxf5 17.Bxa5 bxa5 18.Nf4 Bh6 19.Nxe6 Qd5 20.Nf4 Qd6 21.Qb3+ Kh8 22.Qxb7 Bxf4
23.Rc6 Bxh2+ 24.Kh1 Qf4 25.Bxf5 Qxf5 26.Kxh2 Rab8 27.Qxa7 Rb1 28.Qa6 Qf4+
29.g3 Qf3 30.Rc3 Qxc3 31.Rxb1 Qxd4 32.f4 Qd2+ 33.Kh3 Qd7+ 34.g4 Qd4 35.Rf1 Re8
36.Qc6 Re2 37.Rf3 Qd2 38.Kh4 Qe1+ 39.Kg5 Rxa2 40.Qc8+ Kg7 41.Qd7+ Kf8 42.Rb3 Qe8
43.Qd6+ Qe7+ 44.Qf6+ Qxf6+ 45.Kxf6 Re2 46.Rb7 h6 47.f5 Ke8 48.g5 hxg5 49.Kg7 Rf2
50.f6 g4 51.f7+ Kd8 52.f8=Q+ Rxf8 53.Kxf8 g3 54.Rg7  1-0

[Event "Kherson"]
[Site "Kherson"]
[Date "1990.??.??"]
[Round "?"]
[White "Kovalev, S."]
[Black "Shmuter, Leonid"]
[Result "0-1"]
[WhiteElo "2290"]
[BlackElo "2405"]

1.d4 Nf6 2.c4 g6 3.Nc3 d5 4.cxd5 Nxd5 5.e4 Nxc3 6.bxc3 Bg7 7.Nf3 c5 8.Rb1 O-O
9.Be2 cxd4 10.cxd4 Qa5+ 11.Qd2 Qxd2+ 12.Bxd2 e6 13.O-O b6 14.d5 exd5 15.exd5 Rd8
16.Bc4 Ba6 17.Rfc1 Bxc4 18.Rxc4 Na6 19.g4 Rxd5 20.Be3 Bf8 21.Ng5 Nc5 22.a4 Re8
23.h4 f6 24.Nf3 Re4 25.Rxe4 Nxe4 26.Nd4 Nc3  0-1

[Event "JUG-ch"]
[Site "Kladovo"]
[Date "1990.??.??"]
[Round "?"]
[White "Gligoric, Svetozar"]
[Black "Ilincic, Zlatko"]
[Result "1/2-1/2"]
[WhiteElo "2485"]
[BlackElo "2490"]

1.d4 Nf6 2.c4 g6 3.Nc3 d5 4.cxd5 Nxd5 5.e4 Nxc3 6.bxc3 Bg7 7.Bc4 O-O 8.Ne2 c5
9.O-O Nc6 10.Be3 Na5 11.Bd3 cxd4 12.cxd4 Be6 13.d5 Bxa1 14.Qxa1 f6 15.Bh6 Re8
16.Nf4 Bf7 17.Bb5 Qd6 18.Bxe8 Rxe8 19.Qc3 b6 20.Rc1 Nb7 21.Nd3 Rd8 22.h3 Be8
23.e5 Qxd5 24.exf6 Qxd3 25.f7+ Kxf7 26.Qg7+ Ke6 27.Re1+ Kd5 28.Qxe7 Bd7 29.Bf4 Kc6
30.a4 Re8 31.Qf6+ Nd6 32.Rc1+ Kb7 33.Qxd6 Qxd6 34.Bxd6 Rc8 35.Rxc8 Bxc8 36.a5 b5
37.Kf1 Kc6 38.Bb8 a6 39.Ke2 Kc5 40.Kd2 h5 41.Kc3 b4+ 42.Kb2 Kb5 43.Bc7 h4
44.Bd8 Be6 45.g3  1/2-1/2

[Event "Kusadasi op"]
[Site "Kusadasi"]
[Date "1990.??.??"]
[Round "6"]
[White "Shneider, Aleksandr"]
[Black "Van Mil, Johannes A J"]
[Result "1-0"]
[WhiteElo "2485"]
[BlackElo "2380"]

1.d4 Nf6 2.c4 g6 3.Nc3 d5 4.cxd5 Nxd5 5.e4 Nxc3 6.bxc3 Bg7 7.Bc4 c5 8.Ne2 Nc6
9.Be3 O-O 10.O-O Bd7 11.Rb1 a6 12.dxc5 Na5 13.Bb3 Bb5 14.Re1 Nxb3 15.Qxb3 Qa5
16.f3 Rfc8 17.c4 Bc6 18.Nd4 Be8 19.Qxb7 Qxa2 20.Qxe7 Qxc4 21.Rec1 Qa2 22.Qb7 Qa3
23.c6 a5 24.c7 a4 25.Qxa8 Rxa8 26.Rb8 Qa2 27.Nc2  1-0

[Event "Leningrad it"]
[Site "Leningrad"]
[Date "1990.??.??"]
[Round "?"]
[White "Sakaev, Konstantin"]
[Black "Sobolewski, Piotr"]
[Result "1-0"]
[WhiteElo "2370"]
[BlackElo "2305"]

1.d4 Nf6 2.c4 g6 3.Nc3 d5 4.cxd5 Nxd5 5.e4 Nxc3 6.bxc3 Bg7 7.Bb5+ c6 8.Ba4 O-O
9.Ne2 Be6 10.Bb3 Bxb3 11.axb3 c5 12.dxc5 Qxd1+ 13.Kxd1 Na6 14.Be3 Rfc8 15.Ra5 Nb8
16.Kc2 Nc6 17.Ra4 b6 18.cxb6 axb6 19.Rxa8 Rxa8 20.Nd4 Rc8 21.Nb5 f5 22.Rd1 fxe4
23.Rd7 Be5 24.h3 Kf8 25.Rb7 Nb4+ 26.Kd2 Nd5 27.c4 Nf4 28.Bxb6 Nxg2 29.Na7 Ra8
30.Rd7 Re8 31.Rd5 Bf4+ 32.Kc3 e3 33.fxe3 Nxe3 34.Ra5 Nf1 35.Kd3 Nd2 36.Kc2 Rb8
37.c5 Nf3 38.Kd3 e5 39.b4 Ng5 40.h4 Ne6 41.Ke4 g5 42.hxg5 Nxg5+ 43.Kf5 Nf3
44.c6 Rxb6 45.c7 Nd4+ 46.Ke4  1-0

[Event "Leningrad it"]
[Site "Leningrad"]
[Date "1990.??.??"]
[Round "?"]
[White "Ivanov, Sergey"]
[Black "Zdrojewski, Wojciech"]
[Result "1-0"]
[WhiteElo "2460"]
[BlackElo "2265"]

1.d4 Nf6 2.c4 g6 3.Nc3 d5 4.cxd5 Nxd5 5.e4 Nxc3 6.bxc3 Bg7 7.Nf3 O-O 8.Be2 c5
9.Rb1 cxd4 10.cxd4 Qa5+ 11.Bd2 Qxa2 12.O-O Nd7 13.Bb4 Nb6 14.Ne5 Be6 15.Bxe7 Rfc8
16.Nd3 Bc4 17.Re1 Bxd4 18.Nb4 Bxe2 19.Qxd4 Qc4 20.Qe3 Qe6 21.Bh4 Bc4 22.Qh6 Rc5
23.Nd5 Nxd5 24.exd5 Qf5 25.d6 Rd5 26.Be7 b5 27.h3 Rd2 28.Qxd2  1-0

[Event "Linz op"]
[Site "Linz"]
[Date "1990.??.??"]
[Round "?"]
[White "Kuzmin, Gennadi P"]
[Black "Khenkin, Igor"]
[Result "1/2-1/2"]
[WhiteElo "2495"]
[BlackElo "2450"]

1.d4 Nf6 2.c4 g6 3.Nc3 d5 4.cxd5 Nxd5 5.e4 Nxc3 6.bxc3 Bg7 7.Bc4 c5 8.Ne2 Nc6
9.Be3 O-O 10.O-O Bg4 11.f3 Na5 12.Bxf7+ Rxf7 13.fxg4 Rxf1+ 14.Kxf1 cxd4 15.cxd4 e5
16.dxe5 Bxe5 17.Qxd8+ Rxd8 18.Rc1 Nc6 19.g5 Kf7 20.g3 Rd3 21.Bf4 Ke6 22.Rb1 b6
23.Rc1 Rd6 24.Nc3 Nd4 25.Nd5 Rc6 26.Rxc6+ Nxc6 27.Ke2 b5 28.Kd3 a5 29.Bd2 Kd6
30.Bf4 Ke6 31.h4 Bg7 32.Nc7+ Kd7 33.Nxb5 Nb4+ 34.Kc4 Nxa2 35.Kb3 Nb4 36.Ka4 Nc6
37.Nc7 Bd4 38.Nd5 Ke6 39.Kb5 Nb4 40.Nc7+ Kd7 41.Kxa5 Nd3 42.Nd5 Nc5 43.e5 Bxe5
44.Kb5 Bxf4 45.gxf4 Ne4 46.Kc4 Ke6 47.Kd4 Ng3 48.Ne3  1/2-1/2

[Event "Litomerice"]
[Site "Litomerice"]
[Date "1990.??.??"]
[Round "9"]
[White "Ksieski, Zbigniew"]
[Black "Trapl, Jindrich"]
[Result "1/2-1/2"]
[WhiteElo "2395"]
[BlackElo "2410"]

1.d4 Nf6 2.c4 g6 3.Nc3 d5 4.cxd5 Nxd5 5.e4 Nxc3 6.bxc3 Bg7 7.Nf3 O-O 8.Be2 c5
9.Rb1 Nc6 10.d5 Ne5 11.Nxe5 Bxe5 12.Qd2 e6 13.f4 Bg7 14.c4 Re8 15.d6 e5 16.Bb2 exf4
17.Bxg7 Kxg7 18.O-O Rxe4 19.Rxf4 Rxf4 20.Qxf4 Qf6 21.Qd2 Bf5 22.Rxb7 Rd8
23.Qd5 Re8 24.Qd2 Re6 25.d7 Rd6 26.Qe3 Bxd7 27.Rxa7 Re6 28.Qd2 Rd6 29.Qe3 Bc6
30.Ra6 Qa1+ 31.Kf2 Rf6+ 32.Bf3 Bxf3 33.Rxf6 Qxf6 34.gxf3 Qh4+ 35.Kg2 Qxc4
36.a4 Qxa4 37.Qxc5 Qa2+ 38.Kg3 Qe6 39.Qd4+ Qf6 40.Qe4 h6 41.h4 Qd6+ 42.Kg2 Qd2+
43.Kg3 Qb2 44.Kh3 Qf2 45.Qe5+ Kh7 46.Qe4 Qb2 47.Kg3 Qf6 48.Kg2 Qe6 49.Qxe6 fxe6
50.f4 Kg7 51.Kf3 Kf7 52.Ke3 Kf6 53.Ke4 h5 54.Ke3  1/2-1/2

[Event "Los Yebenes"]
[Site "Los Yebenes"]
[Date "1990.??.??"]
[Round "?"]
[White "Arlandi, Ennio"]
[Black "Galego, Luis"]
[Result "1-0"]
[WhiteElo "2390"]
[BlackElo "2350"]

1.d4 Nf6 2.c4 g6 3.Nc3 d5 4.cxd5 Nxd5 5.e4 Nxc3 6.bxc3 Bg7 7.Bc4 c5 8.Ne2 O-O
9.O-O Nc6 10.Be3 cxd4 11.cxd4 b6 12.Rc1 Bb7 13.Qa4 a6 14.Bd5 b5 15.Qa3 Qd7
16.Rfd1 e6 17.Bb3 Rfc8 18.d5 exd5 19.Bxd5 Ne5 20.Bc6 Qxd1+ 21.Rxd1 Bxc6 22.f3 Nc4
23.Qb3 Nxe3 24.Qxe3 b4 25.e5 Bb5 26.e6 Re8 27.exf7+ Kxf7 28.Qb3+ Kf8 29.Nd4 Bxd4+
30.Rxd4 Re1+ 31.Kf2 Re2+ 32.Kg3 Kg7 33.Rf4  1-0

[Event "Lyngby op"]
[Site "Lyngby"]
[Date "1990.??.??"]
[Round "6"]
[White "Mollov, Elin"]
[Black "Michaelsen, Nils"]
[Result "1/2-1/2"]
[WhiteElo "2365"]
[BlackElo "2285"]

1.d4 Nf6 2.c4 g6 3.Nc3 d5 4.cxd5 Nxd5 5.e4 Nxc3 6.bxc3 Bg7 7.Be3 c5 8.Bb5+ Nc6
9.Qd2 Qa5 10.Rb1 O-O 11.Ne2 cxd4 12.cxd4 Qxd2+ 13.Kxd2 Rd8 14.Bxc6 bxc6 15.Rhc1 Ba6
16.Rxc6 Bxe2 17.Kxe2 Bxd4 18.Rb7 a5 19.Rxe7 Rab8 20.Bxd4 Rxd4 21.Rcc7 Rb2+
22.Ke3 Rbd2 23.Rc6 Rd8 24.e5 Rxa2 25.e6 fxe6 26.Rcc7 Ra3+ 27.Ke4 Ra4+ 28.Ke5 Rh4
29.h3 Ra8 30.Rg7+ Kh8 31.f4 a4 32.Ra7 Rf8 33.Rgb7 g5 34.fxg5 Rf5+ 35.Kxe6 Rxg5
36.Rb8+ Rg8 37.Rxg8+ Kxg8 38.Kf6 Rf4+ 39.Kg5 Rb4 40.g4 Rb3 41.Kh4 a3 42.g5 Rb4+
43.Kh5 Rb3 44.h4 Rc3 45.Ra4 Kg7 46.Kg4 Rb3 47.h5 h6 48.Ra7+ Kg8 49.g6 Rc3
50.Ra5 Kg7 51.Kf4 Rh3 52.Ra7+ Kg8 53.Ke5 Re3+ 54.Kd4 Rh3 55.Ra5 a2 56.Ra8+ Kg7
57.Ra7+ Kg8 58.Ke5 Re3+ 59.Kf5 Rf3+ 60.Ke6 Re3+ 61.Kf6  1/2-1/2

[Event "Lyon op"]
[Site "Lyon"]
[Date "1990.??.??"]
[Round "?"]
[White "Petursson, Margeir"]
[Black "Sanchez Almeyra, Jorge"]
[Result "1-0"]
[WhiteElo "2555"]
[BlackElo "2380"]

1.d4 Nf6 2.c4 g6 3.Nc3 d5 4.cxd5 Nxd5 5.e4 Nxc3 6.bxc3 Bg7 7.Nf3 c5 8.Rb1 O-O
9.Be2 cxd4 10.cxd4 Qa5+ 11.Bd2 Qxa2 12.O-O Nd7 13.Bb4 Nb6 14.Ne5 f6 15.Nc4 Nxc4
16.Ra1 Nb2 17.Rxa2 Nxd1 18.Bc4+ Kh8 19.Rxd1 Bd7 20.Bxe7 Rfe8 21.Bc5 b6 22.Bd6 Be6
23.d5 Bd7 24.Bd3 f5 25.exf5 gxf5 26.Ba6 Re4 27.f3 Rd4 28.Rxd4 Bxd4+ 29.Kf1 Re8
30.Rc2 Be5 31.Bc7 Bd4 32.f4 Bc5 33.Be5+ Kg8 34.Rc3 Kf8 35.Rh3 Re7 36.d6 Rf7
37.Bc4 Rg7 38.Bxg7+ Kxg7 39.Ba6 b5 40.Rc3 Bb6 41.Rc7 Bxc7 42.dxc7 Kf6 43.Ke2  1-0

[Event "Miskolc"]
[Site "Miskolc"]
[Date "1990.??.??"]
[Round "1"]
[White "Lukacs, Peter"]
[Black "Fette, Martin"]
[Result "1/2-1/2"]
[WhiteElo "2460"]
[BlackElo "2370"]

1.d4 Nf6 2.c4 g6 3.Nc3 d5 4.cxd5 Nxd5 5.e4 Nxc3 6.bxc3 Bg7 7.Bc4 O-O 8.Ne2 c5
9.O-O Nc6 10.Be3 Bg4 11.f3 cxd4 12.cxd4 Na5 13.Bd3 Be6 14.Rc1 Bxa2 15.Qa4 Be6
16.d5 Bd7 17.Qb4 e6 18.Nc3 exd5 19.Nxd5 Be6 20.Rfd1 Bxd5 21.exd5 Be5 22.Bc5 b6
23.Bxf8 Qxf8 24.Qxf8+ Kxf8  1/2-1/2

[Event "Moscow1"]
[Site "Moscow"]
[Date "1990.??.??"]
[Round "?"]
[White "Yuferov, Sergey  N"]
[Black "Beshukov, Sergei"]
[Result "1/2-1/2"]
[WhiteElo "2435"]
[BlackElo "2330"]

1.d4 Nf6 2.c4 g6 3.Nc3 d5 4.cxd5 Nxd5 5.e4 Nxc3 6.bxc3 Bg7 7.Nf3 c5 8.Rb1 O-O
9.Be2 cxd4 10.cxd4 Qa5+ 11.Bd2 Qxa2 12.O-O b6 13.Qc1 Bb7 14.Bc4 Qa4 15.Bb5 Qa2
16.Re1 Rc8 17.Qd1 Qc2 18.Qe2 Qc7 19.Bg5 Nc6 20.Red1 a6 21.Bxc6 Bxc6 22.Qe3 b5
23.d5 Be8 24.e5 Qa7 25.Qd2 Rc4 26.Bh6 Bd7 27.Bxg7 Kxg7 28.e6 fxe6 29.Ne5 Re4
30.Re1 Rxe1+ 31.Rxe1 exd5 32.Qxd5 Rf8 33.Re2 Qc7 34.h3 Bf5 35.Nc6 e6 36.Qd4+ Kg8
37.Ne5 Rd8 38.Qa1 Qd6 39.Re1 b4 40.Qa4 Qd2 41.Nf3 Qd6 42.g4 Bd3 43.Rd1 Qf8
44.Ne5 Bb5 45.Qb3 Rxd1+ 46.Qxd1 Qc5 47.Qd8+ Kg7 48.Nf3 Qc1+ 49.Kg2 Bc6 50.Qe7+ Kg8
51.Qd8+  1/2-1/2

[Event "Moscow (Women)"]
[Site "Moscow"]
[Date "1990.??.??"]
[Round "?"]
[White "Sakhatova, Elvira"]
[Black "Medianikova, Nina"]
[Result "1-0"]
[WhiteElo "2290"]
[BlackElo "2160"]

1.d4 Nf6 2.c4 g6 3.Nc3 d5 4.cxd5 Nxd5 5.e4 Nxc3 6.bxc3 Bg7 7.Bc4 c5 8.Ne2 Nc6
9.Be3 O-O 10.O-O Qc7 11.Rc1 Rd8 12.Bf4 Qd7 13.d5 Na5 14.Bd3 b6 15.c4 e5 16.Bg5 f6
17.Bd2 Nb7 18.f4 Qe7 19.Ng3 Nd6 20.f5 gxf5 21.exf5 Bd7 22.Qg4 Kh8 23.Rce1 Rg8
24.Qh4 Rac8 25.Nh5 Be8 26.Nf4 Bf8 27.Ng6+ Bxg6 28.fxg6 Ne8 29.Bc3 Rg7 30.Re3 b5
31.cxb5 c4 32.Bf5 Qc5 33.Re1 Rd8 34.Kh1 Qxd5 35.Rh3 Be7 36.a4 Nd6 37.Bc2 Re8
38.Qg4 Bd8 39.Rd1 Qc5 40.Rh5 Qc7 41.Qh4 Nb7 42.Bf5 Kg8 43.Rxh7 Rxh7 44.gxh7+ Kh8
45.Rd7 Qc5 46.Rxd8  1-0